[Event "BRA-ch Serie C"]
[Site "Brasilia"]
[Date "2013.04.14"]
[Round "5.3"]
[White "De Queiroz, Glauber Pimentel"]
[Black "De Queiroz, Carlos Roberto R"]
[Result "1-0"]
[WhiteElo "1827"]
[BlackElo "1800"]
[PlyCount "77"]
[EventDate "2013.04.12"]
[EventType "swiss"]
[EventRounds "5"]
[EventCountry "BRA"]
[SourceTitle "EXT 2022"]
[Source "ChessBase"]
[SourceDate "2021.10.06"]
[SourceVersion "1"]
[SourceVersionDate "2021.10.06"]
[SourceQuality "1"]

1. Nf3 Nf6 2. g3 d5 3. d4 g6 4. c4 dxc4 5. Qa4+ c6 6. Qxc4 Bg7 7. Nc3 0-0 8. Bg2 Nbd7 9. 0-0 Nb6 10. Qd3 Nfd5 11. a3 Bg4 12. e4 Bxf3 13. Bxf3 Nf6 14. Be3 Qd7 15. Qe2 e6 16. Rfd1 Rfd8 17. Rd2 Qe7 18. Rad1 Rd7 19. e5 Nfd5 20. Ne4 Rad8 21. h4 Nxe3 22. fxe3 h6 23. Bg4 Nc8 24. Rf1 b6 25. b4 a5 26. Rb2 axb4 27. axb4 Rb7 28. h5 g5 29. Nf6+ Bxf6 30. Rxf6 Kg7 31. Qd3 Nd6 32. Rbf2 Nf5 33. Bxf5 Qxb4 34. Bxe6 fxe6 35. Qg6+ Kh8 36. Qxh6+ Rh7 37. Rf8+ Rxf8 38. Rxf8+ Qxf8 39. Qxf8# 1-0

[Event "BRA-ch Serie C"]
[Site "Brasilia"]
[Date "2013.04.13"]
[Round "2.1"]
[White "De Queiroz, Carlos Roberto R"]
[Black "De Andrade, Francisco Edmundo"]
[Result "1-0"]
[WhiteElo "1800"]
[BlackElo "1943"]
[PlyCount "107"]
[EventDate "2013.04.12"]
[EventType "swiss"]
[EventRounds "5"]
[EventCountry "BRA"]
[SourceTitle "EXT 2022"]
[Source "ChessBase"]
[SourceDate "2021.10.06"]
[SourceVersion "1"]
[SourceVersionDate "2021.10.06"]
[SourceQuality "1"]

1. c4 c5 2. g3 d5 3. Qa4+ Nc6 4. Bg2 Nf6 5. e3 e6 6. Nc3 Be7 7. Nf3 0-0 8. cxd5 exd5 9. 0-0 a6 10. d4 Be6 11. Ne5 Qc7 12. Nxc6 Qxc6 13. Rd1 b5 14. Qc2 cxd4 15. Rxd4 b4 16. Qa4 Qc5 17. Ne2 Nd7 18. Nf4 Nb6 19. Qb3 Rad8 20. Nd3 Qb5 21. Nxb4 Bc5 22. Rh4 d4 23. Qd3 h6 24. Qxb5 axb5 25. Nc6 dxe3 26. Bxe3 Bxe3 27. Nxd8 Bxf2+ 28. Kxf2 Rxd8 29. Re4 Rd2+ 30. Re2 Rd4 31. b3 Kf8 32. Bc6 b4 33. Rc1 Ke7 34. Ke3 Rd6 35. Rec2 Bf5 36. Rc5 Bg4 37. Rb5 Re6+ 38. Kf4 f5 39. h4 Kf6 40. h5 Nd7 41. Rxb4 Ne5 42. Be4 g5+ 43. hxg6 Nxg6+ 44. Ke3 fxe4 45. Rxe4 Rxe4+ 46. Kxe4 Ne5 47. b4 Bf5+ 48. Kd4 Nd3 49. Rc6+ Ke7 50. a3 Ne1 51. Ra6 Nc2+ 52. Ke5 Bd3 53. Ra7+ Ke8 54. Kd6 1-0